000 01578namaa22003251i 4500
005 20260301122614.0
008 260114s1996 ua a|||fr|m|| 000 0 eng d
040 _aEG-GICUC
_beng
_cEG-GICUC
_dEG-GICUC
_erda
041 0 _aeng
_beng
_bara
049 _aDeposit
097 _aM.Sc
099 _aCai01.10.16.M.Sc.1996.Fa.E
100 0 _aFathy Ismail Fadl Allah El-Far,
_epreparation.
245 1 0 _aEffect of Some Antirheumatics on some hormones and testicular functions of male albino rats /
_cBy Fathy Ismail Fadl Allah El-Far; Supervised Dr. Ali Abd El-Maksoud Farahat, Dr. Mohamed Younis Mohamed, Dr. Gamal El-Sayed Saber El-Essawy
246 1 5 _aتأثير بعض مضادات الرواتيزم على بعض الهرمونات ووظائف الخصية فى ذكور الفئران
264 0 _c1996.
300 _a92 Leaves :
_billustrations ;
_c30 cm. +
336 _2rda content
_atext
337 _2rdamedia
_aUnmediated
338 _2rdacarrier
_avolume
502 _aThesis (M.Sc.) -Cairo University, 1996
504 _aBibliography: pages 66 : 92
653 0 _amale albino rats
_ahormones and testicular functions
700 0 _aAli Abd El-Maksoud Farahat
_ethesis advisor.
700 0 _aMohamed Younis Mohamed
_ethesis advisor.
700 0 _aGamal El-Sayed Saber El-Essawy
_ethesis advisor.
900 _DDepartment of Physiology
_FFaculty of Medicine
_UCairo University
_b1996
_cAli Abd El-Maksoud Farahat
_cGamal El-sayed Saber El-Essawy
_cMohamed Younis Mohamed
_dAli Abd El-Maksoud Farahat
905 _aNagat
_eNourhan
942 _2ddc
_cTH
_e21
_n0
999 _c177696